| 000 | 00735nam a2200253Ia 4500 | ||
|---|---|---|---|
| 005 | 20250425162750.0 | ||
| 008 | 250425s9999 xx 000 0 und d | ||
| 020 | _a9789978143711 | ||
| 041 | _aspa | ||
| 043 | _aec | ||
| 082 | _a577.5 | ||
| 100 | _aROLDAN MAONSALVE, DIEGO | ||
| 245 | 0 | _aEL PĂ€RAMO DEL CAJA: UNA INVALUABLE FUENTE DE AGUA EN RIESGO | |
| 250 | _a1A ED | ||
| 260 | _aCUENCA | ||
| 260 |
_aEcuador _bFACULTAD DE CIENCIAS ECONOMICAS Y ADMINISTRATIVAS UNIVERSIDAD DE CUENCA _c2017 |
||
| 300 | _a278 | ||
| 500 | _aDONADO POR UNIVERSIDAD DE CUENCA | ||
| 650 | _aECONOMIA ECOLOGICA | ||
| 650 | _aRECURSOS HIDRICOS | ||
| 650 | _aVALORACION ECONOMICA DE RECURSOS NATURALES | ||
| 942 | _c01 | ||
| 010 | _a106845 | ||
| 999 |
_c235988 _d235988 |
||